000
00305nam a2200133Ia 4500
005
20251222140037.0
008
251222s1900||||xx |||||||||||||| ||spa||
082
_a
183/M84/T.II
100
_a
Mondolfo, Rodolfo
245
0
_a
El Pensamiento Antiguo:
250
_a
2a.ed.
264
_b
Losada
942
_c
LIB
999
_c
3162
_d
3162